La Colònia de Borgonyà desapareguda /
MARC
| LEADER | 00000nam a2200000 i 4500 | ||
|---|---|---|---|
| 001 | 25197 | ||
| 003 | Arxiu | ||
| 005 | 20260324180727.0 | ||
| 008 | 211013e202011 spc|||| |||| 0|0 0 cat| | ||
| 017 | |a DL B 19604-2020 |b Biblioteca de Catalunya | ||
| 020 | |a 9788418243141 | ||
| 040 | |a ES-BaBC |b cat |e rda |c ES-BaBC | ||
| 043 | |a e-sp--- |b e-spcos |2 catmarc | ||
| 080 | |a 677 |x (460.23 Os Sant Vicenç de Torelló) |x (084.12) |2 2004 | ||
| 100 | 1 | |a Grané Casellas, Jordi, |d 1985- |e autor | |
| 245 | 1 | 3 | |a La Colònia de Borgonyà desapareguda / |c Jordi Grané Casellas |
| 250 | |a Primera edició | ||
| 264 | 1 | |a El Papiol (Baix Llobregat) : |b Efadós, |c novembre del 2020 | |
| 300 | |a 184 pàgines : |b principalment il·lustracions ; |c 16 x 22 cm | ||
| 336 | |a text |b txt |2 rdacontent | ||
| 337 | |a sense mediació |b n |2 rdamedia | ||
| 338 | |a volum |b nc |2 rdacarrier | ||
| 490 | 1 | |a Catalunya desapareguda. |v núm. 96. |a Comarca Osona | |
| 504 | |a Inclou índex | ||
| 651 | 7 | |a Borgonyà (Catalunya : Colònia industrial) |x Història |v Llibres de làmines. |2 lemac | |
| 830 | 0 | |a Catalunya desapareguda ; |v 96 | |
| 830 | 0 | |a Catalunya desapareguda. |p Comarca Osona | |
| 908 | |a BC |a BMON | ||
| 940 | |a BC | ||
| 942 | |2 udc |c ARXIU |n 1 | ||
| 952 | |0 0 |1 0 |4 0 |6 BIB468 |7 1 |9 61072 |a Arxiu |b Arxiu |d 2022-03-08 |l 0 |o Bib-468 |p 25197 |r 2022-03-08 00:00:00 |w 2022-03-08 |y ARXIU | ||
| 999 | |c 81196 |d 81196 | ||